01325cam a22003377a 4500003000500000005001700005008004100022010001000063011001000073035001000083040000900093082001500102100002100117245011700138260011900255300003000374490003300404590004100437590004100478590004100519590004200560650003600602650003400638650003800672830004000710901000700750942001000757949006800767999001700835952013500852CHAP20220329134053.0971013s1979 r 00010 d a14976 a15948 a20025 cCHAP a551.4bG8300aGrant, K.950431 0aTerrain analysis and classification for engineering and conservation puirposes of the Port Clinton Area, Qold... aMelbourne :bCommonwealth Scientific and Industrial Research Organization. Division of Applied Geomechanics,c1979 a185 p.b: ilus. : gráfs 0aCSIRO. Technical paperv; 29 aBATCH-UPDb10c20130110lUCH01h1524 aBATCH-UPDb10c20130410lUCH01h0934 aBATCH-UPDb10c20130914lUCH01h2036 aCONVERSIONb10c20130109lUCH01h130914aSuelosxConservación.911028314aSuelosxIngeniería.911040114aTierrasxClasificación.91130950 aCSIRO. Technical paperv; 29929691 aBK cLIBRO a551.4 G83bBCcLIBROd33724000400289eLIBROh47820i20025mDsi c14976d14976 00102ddc4052708GRALaBCbBCcPA_GRALd2019-12-31fLIBROl0o551.4 G83p33724000400289r2019-12-31 00:00:00w2019-12-31yLIBRO